الحرية و نضال المرأة الأمريكية / (رقم التسجيلة. 5936)
[ عرض عادي ]
| 000 -الفاتح | |
|---|---|
| عناصر البيانات ثابتة الطول | 00815cam a2200205 i 4500 |
| 005 - تاريخ ووقت آخر معاملة | |
| حقل ضبط | 20260111102637.0 |
| 008 - عناصر البيانات ثابتة الطول | |
| عناصر البيانات ثابتة الطول | 250721s1992 ua gr 000 0 ara d |
| 041 1# - كود اللغة | |
| كود اللغة لنص/مسار صوت أو عنوان منفصل | ara |
| كود اللغة للأصل | eng |
| 082 14 - رقم تصنيف ديوي العشري | |
| رقم التصنيف | 301,4120973 |
| رقم المادة | ا ي ف |
| 100 1# - مدخل رئيسي – اسم شخصي | |
| الاسم الشخصي | ايفانز، سارة م ، |
| علاقة الشخص بالعمل/ دوره | مؤلف. |
| 245 12 - بيان العنوان | |
| العنوان | الحرية و نضال المرأة الأمريكية / |
| بيان المسؤولية | تأليف سارة م . إيفانز ؛ ترجمة أميرة فهمي ؛ مراجعة شويكار محمد زكي . |
| 264 1# - بيانات النشر، التوزيع…إلخ | |
| مكان النشر، التوزيع...إلخ | القاهرة : |
| اسم الناشر، الموزع...إلخ | الدار الدولية للنشر والتوزيع، |
| تاريخ النشر، التوزيع...إلخ | 1992. |
| 300 ## - الوصف المادي | |
| عدد الوحدات المكونة للوعاء | 398 صفحه. |
| 650 17 - مدخل إضافي بالموضوع - مصطلح موضوعي | |
| مصطلح موضوعي أو اسم جغرافي كعنصر مدخل | المرأة. |
| 650 17 - مدخل إضافي بالموضوع - مصطلح موضوعي | |
| مصطلح موضوعي أو اسم جغرافي كعنصر مدخل | الولايات المتحدة. |
| 650 17 - مدخل إضافي بالموضوع - مصطلح موضوعي | |
| مصطلح موضوعي أو اسم جغرافي كعنصر مدخل | الديمقراطية. |
| 700 1# - مدخل إضافي - اسم شخصي | |
| الاسم الشخصي | فهمي، أميرة |
| علاقة الشخص بالعمل/ دوره | مترجم. |
| 942 ## - بيانات إضافية (كوها) | |
| نوع التنصيف | Dewey Decimal Classification |
| نوع المادة (كوها) | كتب |
| حالة السحب | حالة الفقدان | مصدر التصنيف | حالة التلف | غير قابل للإعارة | المكتبة الرئيسية | المكتبة الحالية | موقع الرف | تاريخ التزويد | الرقم المتسلسل | Total Checkouts | رقم الإستدعاء | الباركود | تاريخ آخر ظهور | تاريخ الفاتورة | نوع المادة (كوها) |
|---|---|---|---|---|---|---|---|---|---|---|---|---|---|---|---|
| Dewey Decimal Classification | المكتبة المركزية | المكتبة المركزية | الإعارة | 06/07/2004 | 206760 | 301,4120973 / ا ي ف | 206760 | 28/07/2025 | 06/07/2004 | كتب | |||||
| Dewey Decimal Classification | Unchecked | مكتبة الأميرة ايمان العامة | مكتبة الأميرة ايمان العامة | الإعارة | 06/07/2004 | 5631 | 301,4120973/ايف | 28/07/2025 | 06/07/2004 | كتب |